RESEARCH METHODS FOR BUSINESS A SKILL BU (Record no. 4752)

MARC details
000 -LEADER
fixed length control field 00375nam a2200145Ia 4500
008 - FIXED-LENGTH DATA ELEMENTS--GENERAL INFORMATION
fixed length control field 240624s9999 xx 000 0 und d
041 ## - LANGUAGE CODE
Language code of text/sound track or separate title eng
082 ## - DEWEY DECIMAL CLASSIFICATION NUMBER
Classification number 658.0072 SKE
100 ## - MAIN ENTRY--PERSONAL NAME
Personal name SEKARAN UMA
245 ## - TITLE STATEMENT
Title RESEARCH METHODS FOR BUSINESS A SKILL BU
250 ## - EDITION STATEMENT
Edition statement (4th ed.)
260 ## - PUBLICATION, DISTRIBUTION, ETC.
Date of publication, distribution, etc. 2006
Place of publication, distribution, etc. New Delhi
Name of publisher, distributor, etc. Wiley India
300 ## - PHYSICAL DESCRIPTION
Extent xiv, : 450 : p. : cm. ; 23
365 ## - TRADE PRICE
Currency code
Price amount 30
Holdings
Withdrawn status Lost status Damaged status Not for loan Home library Current library Shelving location Date acquired Source of acquisition Cost, normal purchase price Total Holds Full call number Barcode Date last seen Copy number Price effective from Koha item type
        IMTN IMTN Rack 21-B 03/05/2007 IBH 5.00 576 658.0072 SKE 4752 06/24/2024 44.28 06/24/2024 Books
Designed & Maintained by: LRC IMT Nagpur Contact: lrc@imtnag.ac.in© 2024. All Rights Reserved.